00357nam a2200145Ia 4500008004100000041000800041082001900049100001300068245004300081250001200124260002800136300002600164365000800190700001300198230718s9999 xx 000 0 und d aeng a621.402'2bROY aRoy G.K. aFundamentals Of Heat And Mass Transfer a3rd ed. c2000bKhanna Publishers a388dRef 85 G (12305) cRs. aRoy G.K.